[Event "Fajr op 11th"]
[Site "Tehran"]
[Date "2003.02.28"]
[Round "2"]
[White "Akbari, GH."]
[Black "Roghani, Arash"]
[Result "0-1"]
[WhiteElo "2086"]
[BlackElo "2316"]
[PlyCount "112"]
[EventDate "2003.02.27"]
[EventType "swiss"]
[EventRounds "9"]
[EventCountry "IRI"]
[SourceTitle "CBM 093 Extra"]
[Source "ChessBase"]
[SourceDate "2003.05.09"]
[SourceVersion "1"]
[SourceVersionDate "2003.05.09"]
[SourceQuality "1"]

1. c4 e5 2. Nc3 Nc6 3. g3 g6 4. Bg2 Bg7 5. e3 d6 6. Nge2 Nf6 7. d4 0-0 8. 0-0 Bd7 9. h3 h5 10. Rb1 exd4 11. exd4 Bf5 12. Ra1 Re8 13. Be3 Qd7 14. Kh2 Rab8 15. Qd2 Nb4 16. Bh6 Bxh6 17. Qxh6 Bd3 18. Qd2 Bxc4 19. b3 Bxe2 20. Nxe2 Nbd5 21. Rfe1 Qf5 22. Ng1 c6 23. Nf3 Ne4 24. Qb2 g5 25. Re2 Nec3 26. Rc2 Ne4 27. Re1 Re6 28. Ne5 Nef6 29. Nf3 Rbe8 30. Rxe6 Rxe6 31. Re2 Nc7 32. Qd2 Rxe2 33. Qxe2 Ne6 34. b4 a6 35. Qe3 Kg7 36. Ne1 d5 37. Nd3 Ne4 38. Kg1 Nd6 39. Qe5+ Kg6 40. Ne1 Qxe5 41. dxe5 Nc4 42. Nd3 Kf5 43. Bf3 g4 44. hxg4+ hxg4 45. Bd1 b6 46. a4 a5 47. Kf1 axb4 48. Nxb4 Nxe5 49. Be2 Ke4 50. Ba6 Nc5 51. Bc8 d4 52. Ke2 d3+ 53. Ke1 Kd4 54. Nxc6+ Nxc6 55. Bxg4 Nxa4 56. Bd7 Kc3 0-1